Social scientific research / (Record no. 171776)
[ view plain ]
| 000 -LEADER | |
|---|---|
| fixed length control field | 01069cam a22003017i 4500 |
| 001 - CONTROL NUMBER | |
| control field | 20414858 |
| 003 - CONTROL NUMBER IDENTIFIER | |
| control field | OSt |
| 005 - DATE AND TIME OF LATEST TRANSACTION | |
| control field | 20250516100029.0 |
| 008 - FIXED-LENGTH DATA ELEMENTS--GENERAL INFORMATION | |
| fixed length control field | 180321t20182018cau b 001 0 eng d |
| 020 ## - INTERNATIONAL STANDARD BOOK NUMBER | |
| International Standard Book Number | 9781526426857 (paperback) |
| 024 ## - OTHER STANDARD IDENTIFIER | |
| Terms of availability | USD 44.00 |
| 040 ## - CATALOGING SOURCE | |
| Original cataloging agency | YDX |
| Language of cataloging | eng |
| Transcribing agency | YDX |
| Description conventions | rda |
| Modifying agency | NUST |
| 050 00 - LIBRARY OF CONGRESS CALL NUMBER | |
| Classification number | H62 BRA |
| Item number | |
| 100 1# - MAIN ENTRY--PERSONAL NAME | |
| Personal name | Brancati, Dawn, |
| Relator term | Author. |
| 245 10 - TITLE STATEMENT | |
| Title | Social scientific research / |
| Statement of responsibility, etc. | Dawn Brancati. |
| 260 ## - PUBLICATION, DISTRIBUTION, ETC. | |
| Place of publication, distribution, etc. | Los Angels: |
| -- | London: |
| -- | New Delhi: |
| -- | Singapore: |
| -- | Washington DC: |
| -- | Melbourne; |
| Name of publisher, distributor, etc. | Sage, |
| Date of publication, distribution, etc. | ©2018 |
| 300 ## - PHYSICAL DESCRIPTION | |
| Extent | xiii, 364 pages : |
| Dimensions | 24 cm. |
| Other physical details | illustrations; |
| 336 ## - CONTENT TYPE | |
| Content type term | text |
| Content type code | txt |
| Source | rdacontent |
| 337 ## - MEDIA TYPE | |
| Media type term | unmediated |
| Media type code | n |
| Source | rdamedia |
| 338 ## - CARRIER TYPE | |
| Carrier type term | volume |
| Carrier type code | nc |
| Source | rdacarrier |
| 504 ## - BIBLIOGRAPHY, ETC. NOTE | |
| Bibliography, etc. note | Includes bibliographical references and index. |
| 650 #0 - SUBJECT ADDED ENTRY--TOPICAL TERM | |
| General subdivision | Social sciences --- Research. |
| 650 #0 - SUBJECT ADDED ENTRY--TOPICAL TERM | |
| General subdivision | Human behavior --- Research. |
| 650 #7 - SUBJECT ADDED ENTRY--TOPICAL TERM | |
| General subdivision | Human behavior --- Research. --- fast |
| 650 #7 - SUBJECT ADDED ENTRY--TOPICAL TERM | |
| General subdivision | Social sciences --- Research --- fast |
| 776 08 - ADDITIONAL PHYSICAL FORM ENTRY | |
| Relationship information | ebook version : |
| International Standard Book Number | 9781526452795 |
| 942 ## - ADDED ENTRY ELEMENTS (KOHA) | |
| Source of classification or shelving scheme | Library of Congress Classification |
| Koha item type | Ordinary Loan Books |
| Classification part | H62.B73 BRA |
| Call number prefix | H |
| Call number suffix | BRA |
| Suppress in OPAC | No |
| Withdrawn status | Lost status | Source of classification or shelving scheme | Damaged status | Not for loan | Collection | Home library | Current library | Shelving location | Date acquired | Source of acquisition | Cost, normal purchase price | Total Checkouts | Full call number | Barcode | Date last seen | Accession number | Cost, replacement price | Price effective from | Koha item type | Public note |
|---|---|---|---|---|---|---|---|---|---|---|---|---|---|---|---|---|---|---|---|---|
| LCC | NFIC | MAIN | MAIN | GEN | 05/15/2025 | Book Aid International | 44.00 | H62 BRA | 92004054649 | 05/15/2025 | 61270 | 44.00 | 05/15/2025 | BOOKS | Donation | |||||
| LCC | NFIC | MAIN | MAIN | GEN | 05/15/2025 | Book Aid International | 44.00 | H62 BRA | 92004054655 | 05/15/2025 | 61271 | 44.00 | 05/15/2025 | BOOKS | Donation |